Lý thuyết tiếp nhận ở Việt Nam /

Guardado en:
Detalles Bibliográficos
Autor principal: Tôn Thảo Miên, PGS.TS.
Formato: Artículo
Lenguaje:Vietnamese
Materias:
Etiquetas: Agregar Etiqueta
Sin Etiquetas, Sea el primero en etiquetar este registro!
Thư viện lưu trữ: Thư viện Trường Đại học Đà Lạt
LEADER 00809nam a2200265 4500
001 DLU190192255
005 ##20190906
040 # # |a DLU  |b vie 
041 # # |a vie 
044 # # |a vn 
100 # # |a Tôn Thảo Miên,   |c PGS.TS. 
245 # # |a Lý thuyết tiếp nhận ở Việt Nam /  |c Tôn Thảo Miên. 
653 # # |a Lý luận văn học 
653 # # |a Lý thuyết tiếp nhận 
653 # # |a Tiếp nhận văn học 
773 # # |t Tạp chí Lý luận phê bình văn học - Nghệ thuật  |g Số 55, 2017, tr. 3-14 
920 # # |a Phòng Tạp chí -- Trung tâm Thông tin - Thư viện Trường Đại học Đà Lạt 
994 # # |a DLU 
900 # # |a True 
911 # # |a Trần Thị Minh Hương 
925 # # |a G 
926 # # |a A 
927 # # |a BB 
980 # # |a Thư viện Trường Đại học Đà Lạt